000
00316nam a2200133Ia 4500
008
191201s2004 xx 000 0 und d
100
_a
BILLY, Grey
245
0
_a
Letters for All Occasions
250
_a
1st
260
_a
N.Delhi
_b
Pantagon Press
_c
2004
300
_a
208
650
_a
General Books
942
_2
ddc
_c
BK
999
_c
2499
_d
2499